[Event "FRA-chT3 Gr5 "]
[Site "Bretagne"]
[Date "2006.??.??"]
[Round "5.7"]
[White "Poulain, Maxime"]
[Black "Desgranges, Christophe"]
[Result "1-0"]
[WhiteElo "1610"]
[BlackElo "1460"]
[PlyCount "60"]
[EventDate "2006.??.??"]
[EventType "team"]
[EventRounds "9"]
[EventCountry "FRA"]
[SourceTitle "EXT 2007"]
[Source "ChessBase"]
[SourceDate "2006.11.23"]
[SourceVersion "1"]
[SourceVersionDate "2006.11.23"]
[SourceQuality "1"]

1. d4 d5 2. c4 e6 3. Nc3 Nf6 4. Nf3 c6 5. e3 Nbd7 6. a4 Be7 7. Bd3 dxc4 8. Bxc4 0-0 9. 0-0 Re8 10. Qc2 Nf8 11. b3 Nd5 12. Nxd5 exd5 13. Bd3 Qc7 14. Ba3 Bd7 15. Bxe7 Rxe7 16. Rfc1 b6 17. Ne5 Qd6 18. Nxd7 Qxd7 19. Qxc6 Ree8 20. Bb5 Qf5 21. Qb7 Reb8 22. Qa6 Rd8 23. Bc6 Rab8 24. Qxa7 Qd3 25. Bxd5 Rxd5 26. Qxb8 Qxb3 27. Rcb1 Qc3 28. Qxb6 Qd2 29. Rb2 Qc3 30. Qb3 Qc8 1-0

[Event "FRA-chT2 0405"]
[Site "France"]
[Date "2005.03.12"]
[Round "8.9"]
[White "Desgranges, Christophe"]
[Black "Baldi, Audrey Jeanne"]
[Result "0-1"]
[WhiteElo "1499"]
[BlackElo "1780"]
[PlyCount "82"]
[EventDate "2004.10.10"]
[EventType "team"]
[EventRounds "11"]
[EventCountry "FRA"]
[SourceTitle "EXT 2006"]
[Source "ChessBase"]
[SourceDate "2005.11.24"]
[SourceVersion "1"]
[SourceVersionDate "2005.11.24"]
[SourceQuality "1"]
[WhiteTeam "Brest"]
[BlackTeam "Issy les Moulineaux"]
[WhiteTeamCountry "FRA"]
[BlackTeamCountry "FRA"]

1. d4 d5 2. c4 c6 3. Nc3 Nf6 4. Bg5 e6 5. e3 Nbd7 6. Bd3 Qa5 7. Nge2 dxc4 8. Bxc4 Qxg5 9. 0-0 Bd6 10. Ng3 h5 11. Kh1 Bxg3 12. fxg3 h4 13. Qf3 hxg3 14. h3 Qg4 15. Qxg4 Nxg4 16. Nd1 Nh2 17. Rf4 g5 18. Re4 g4 19. Nf2 Nf6 20. Re5 gxh3 21. Nxh3 Nhg4 22. Rf1 Nxe5 23. Rxf6 Nxc4 24. Kg1 Ke7 25. Rf3 Rg8 26. b3 Nd2 27. Rf4 e5 28. dxe5 Bxh3 29. gxh3 Ke6 30. h4 Kxe5 31. h5 Rh8 32. Rxf7 Raf8 33. Rxf8 Rxf8 34. h6 Rh8 35. Kg2 Nf1 36. Kxf1 Rxh6 37. Kg2 Rg6 38. a4 Ke4 39. b4 Kxe3 40. Kf1 Kf3 41. b5 Rd6 0-1